| 000 | 00684nam a2200205 i 4500 | ||
|---|---|---|---|
| 001 | 79748 | ||
| 003 | ES-MaACL | ||
| 007 | t| | ||
| 008 | 041022s1928 fr ||||1| fre d | ||
| 100 | 1 |
_aHerondas. _963129 |
|
| 245 | 1 | 0 |
_aMimes / _cHerondas ; texte établi par J. Arbuthnot Nairn et traduit par Louis Laloy. |
| 260 |
_aParis : _bSocieté d'Edition "Les Belles Lettres", _c1928 ( _eChartres : _fDurand) |
||
| 300 |
_a245 p. ; _c20 cm. |
||
| 490 | 1 | _aCollection des Universités de France | |
| 700 | 1 |
_aArbuthnot Nairn, J. _922428 |
|
| 700 | 1 |
_aLaloy, Louis. _969745 |
|
| 830 | 0 |
_aCollection des Universités de France _9180876 |
|
| 852 |
_aES-MaACL _jC-6862 |
||
| 999 |
_c79748 _d79748 |
||